America : (Record no. 3457)

MARC details
000 -LEADER
fixed length control field 01355cam a2200337 a 4500
001 - CONTROL NUMBER
control field 3457
003 - CONTROL NUMBER IDENTIFIER
control field FISKH
005 - DATE AND TIME OF LATEST TRANSACTION
control field 20240307095136.0
008 - FIXED-LENGTH DATA ELEMENTS--GENERAL INFORMATION
fixed length control field 071221s2008 nyuab j 000 0 eng
010 ## - LIBRARY OF CONGRESS CONTROL NUMBER
LC control number 2007052366
020 ## - INTERNATIONAL STANDARD BOOK NUMBER
International Standard Book Number 9780316031707 (hc)
020 ## - INTERNATIONAL STANDARD BOOK NUMBER
International Standard Book Number 0316031704 (hc)
035 ## - SYSTEM CONTROL NUMBER
System control number (OCoLC)191023779
040 ## - CATALOGING SOURCE
Original cataloging agency DLC
Transcribing agency DLC
Modifying agency IG#
-- BAKER
-- BTCTA
-- MLY
-- EHH
-- DLC
Language of cataloging eng
042 ## - AUTHENTICATION CODE
Authentication code lcac
043 ## - GEOGRAPHIC AREA CODE
Geographic area code n-us---
050 00 - LIBRARY OF CONGRESS CALL NUMBER
Classification number E178.3
Item number .S25 2008
082 00 - DEWEY DECIMAL CLASSIFICATION NUMBER
Classification number 973
Edition number 22
100 1# - MAIN ENTRY--PERSONAL NAME
Personal name Samuels, Charlie,
Dates associated with a name 1961-
245 10 - TITLE STATEMENT
Title America :
Remainder of title the making of a nation /
Statement of responsibility, etc. [by Charlie Samuels].
260 ## - PUBLICATION, DISTRIBUTION, ETC.
Place of publication, distribution, etc. New York :
Name of publisher, distributor, etc. Little, Brown,
Date of publication, distribution, etc. 2008.
300 ## - PHYSICAL DESCRIPTION
Extent 28 unnumbered pages :
Other physical details color illustrations ;
Dimensions 26 × 31 cm
500 ## - GENERAL NOTE
General note Cover title.
504 ## - BIBLIOGRAPHY, ETC. NOTE
Bibliography, etc. note Includes bibliographical references and index.
520 ## - SUMMARY, ETC.
Summary, etc. From the Revolutionary War through current events of the 21st century, "America" offers an in-depth look at the making of the nation. This interactive history book contains innovative novelty components including lift-the-flap postcards, removable song lyrics, and a fold-out replica of the Declaration of Independence.
651 #0 - SUBJECT ADDED ENTRY--GEOGRAPHIC NAME
Geographic name United States
General subdivision History
Form subdivision Miscellanea
-- Juvenile literature.
651 #1 - SUBJECT ADDED ENTRY--GEOGRAPHIC NAME
Geographic name United States
General subdivision History.
906 ## - LOCAL DATA ELEMENT F, LDF (RLIN)
a 7
b cbc
c orignew
d 1
e ecip
f 20
g y-gencatlg
942 ## - ADDED ENTRY ELEMENTS (KOHA)
Source of classification or shelving scheme Dewey Decimal Classification
Koha item type Books
Suppress in OPAC No
Holdings
Withdrawn status Lost status Source of classification or shelving scheme Damaged status Not for loan Collection Home library Current library Shelving location Date acquired Total Checkouts Full call number Barcode Date last seen Price effective from Koha item type
    Dewey Decimal Classification     Non-Fiction Footprints International School Library Network Toul Kork Campus Footprints International School Library Network Toul Kork Campus   03/07/2024   SAM 973 E178.S25 2024-0271 03/07/2024 03/07/2024 Books